Demandas Internacionales (Record no. 3519)
[ view plain ]
| 000 -CABECERA | |
|---|---|
| campo de control de longitud fija | 00447nam a22001697a 4500 |
| 020 ## - NUMERO INTERNACIONAL NORMALIZADO PARA LIBROS (ISBN) | |
| International Standard Book Number | 9875441945 |
| 080 ## - NUMERO DE CLASIFICACION DECIMAL UNIVERSAL (CDU) | |
| Número de la Clasificación Decimal Universal | 341.63 D 39 |
| 245 ## - MENCION DE TITULO | |
| Título propiamente dicho | Demandas Internacionales |
| 250 ## - MENCION DE EDICION | |
| Mención de edición | Demandas Internacionales contra el Estado |
| 260 ## - PUBLICACION, DISTRIBUCION, ETC. (PIE DE IMPRENTA) | |
| Lugar de publicación, distribución, etc. | Mar del Plata |
| Nombre del editor, distribuidor, etc. | Eudem |
| Fecha de publicación, distribución, etc. | 2006 |
| 300 ## - DESCRIPCION FISICA | |
| Extensión | 84 P: |
| Dimensiones | 15 X 22 Cm |
| 650 ## - ASIENTO SECUNDARIO DE MATERIA - TERMINO TEMATICO | |
| Subdivisión general | Derecho Internacional Pùblico |
| 650 ## - ASIENTO SECUNDARIO DE MATERIA - TERMINO TEMATICO | |
| Subdivisión general | CIADI |
| 650 ## - ASIENTO SECUNDARIO DE MATERIA - TERMINO TEMATICO | |
| Subdivisión general | Tribunales Internacionales |
| 942 ## - ELEMENTOS AGREGADOS (KOHA) | |
| Clasificación normalizada de Koha para alfabetizar | _ |
| 945 ## - INFORMACION DE PROCESAMIENTO LOCAL | |
| Responsable de carga/modificación | Celeste Delía |
| AAAA-MM-DD - Fecha de ingreso/modificación | 2015-02-25 |
No items available.
